000 00476cam a22001337a 4500
008 180718b1973 xxu||||| |||| 00| 0 eng d
082 _aT2196x54 M478
100 _aMehan, K.K.
245 _aSmall industry enterpreneurs handbook
_cby K.K. Mehan
260 _aBombay
_bProductivity Service International
_c1973
300 _a327p.
650 _aNew business enterprises --India --Handbooks, manuals, etc
650 _aSmall business --India --Management --Handbooks, manuals, etc
999 _c477242
_d477242